| 000 | 00615nam a2200193 a 4500 | ||
|---|---|---|---|
| 005 | 20210219151523.0 | ||
| 008 | 991125s1973 mx 000 0 spa u | ||
| 035 | _aUPN01000035807 | ||
| 049 | _aSEP | ||
| 050 | 4 |
_aND259 U77 _bP83 |
|
| 110 | 2 | _aInstituto Nacional de Bellas Artes (México) | |
| 245 | 1 | 0 |
_aLucinda Urrusti : _bpintura y dibujos / _cInstituto Nacional de Bellas Artes. |
| 260 |
_aMéxico : _bINBA, _c1973. |
||
| 300 |
_a[17] p. : _bprincipalmente il. |
||
| 500 | _aDatos tomados de la cubierta | ||
| 600 | 1 | 4 |
_aURRUSTI, LUCINDA, _d1930- |
| 650 | 4 |
_aPINTURA MEXICANA - _vEXPOSICIONES |
|
| 905 | _aLibro | ||
| 999 |
_c35807 _d35807 |
||